LIBRARY & INFORMATION CENTRE, KCAET, TAVANUR

ONLINE PUBLIC ACCESS CATALOGUE (OPAC)

Directory of agricultural machinery and manufacturers / (Record no. 10888)

MARC details
000 -LEADER
fixed length control field 00463cam a2200169ua 4500
041 ## - LANGUAGE CODE
Language code of text/sound track or separate title eng
082 ## - DEWEY DECIMAL CLASSIFICATION NUMBER
Classification number 028.76631
Item number SIN/DI
100 ## - MAIN ENTRY--AUTHOR NAME
Personal name Singh, G .
245 ## - TITLE STATEMENT
Title Directory of agricultural machinery and manufacturers /
250 ## - EDITION STATEMENT
Edition statement 1 /
260 ## - PUBLICATION, DISTRIBUTION, ETC. (IMPRINT)
Place of publication :
Name of publisher Central Institute of Agricultural Engineering ,
Year of publication 1985.
300 ## - PHYSICAL DESCRIPTION
Number of Pages 245 ; .
700 1# - ADDED ENTRY--PERSONAL NAME
Personal name Bharadwaj, K C .
942 ## - ADDED ENTRY ELEMENTS (KOHA)
Koha item type Books
Holdings
Withdrawn status Lost status Damaged status Home library Current library Date acquired Full call number Accession Number Koha item type
      KAUAET KAUAET 06/08/1990 028.76631 16706 Reference
free website counter